000 00675nam a2200205 i 4500
001 10851
003 ES-MaACL
005 20230906145954.0
007 t|
008 951128s1987 sp ||||1| spa d
020 _a84-398-8882-1
080 _a347.97(460)
080 _a34(4-672 CE)
100 1 _aNavarro Hernan, Manuel.
_985136
245 1 0 _aPráctica procesal civil, constitucional y comunitaria /
_cManuel Navarro Hernan.
260 _a[Madrid?] :
_bM. Navarro,
_cD.L. 1987 (
_eMadrid :
_fGráficas AGA)
300 _a758 p. ;
_c23 cm.
650 4 _aAdministración de justicia-
_zEspaña.
_99621
852 _aES-MaACL
_jL-18262
_bR.124509
_q. - Ded. autogr. del autor
999 _c10851
_d10851